| 000 | 00694nam a2200193 a 4500 | ||
|---|---|---|---|
| 001 | 000037214 | ||
| 005 | 20200930080219.0 | ||
| 008 | 120305s1969 sp 000 0 spa d | ||
| 040 |
_aDO-SdBNP _bspa _cBNPHU |
||
| 100 | 1 |
_aPablo _bVI, _cpapa, _d1897-1978. _943724 |
|
| 245 | 1 | 3 |
_aLa eucaristia / _ctextos del Vaticano II y de Pablo VI ; edición preparada por Jesús Solano. |
| 260 |
_aMadrid : _bBiblioteca de Autores Cristiano, _c1969. |
||
| 300 |
_a277 p. ; _c20 cm. |
||
| 490 | 1 | _aBiblioteca de autores cristianos., | |
| 500 | _aIncluye índice | ||
| 500 | _aIncluye notas al pie de las páginas | ||
| 700 | 1 |
_aSolano, Jesús _eed. _963630 |
|
| 830 | 0 |
_aBiblioteca de autores cristianos., _94245 |
|
| 999 |
_c36704 _d36704 |
||